Príroda na Turíce

Bibliographic Details
Main Author: Darnaut, Hugo, 1851-1937 (Author)
Format: Article
Language:Slovak
Subjects:

MARC

LEADER 00000nab a22000001a 4500
001 vtls008997966
003 SK-MaSNL
005 20260303065825.0
008 070611d1929 xo |r|p|||| |000 b|slo
015 |a SNBRRBVU1918-1938 
038 |a SNKBUCL 
038 |a SNKBUVU 
040 |a SNKBUVU  |b slo  |c SNKBUCL  |e AACR2 
041 0 |a slo 
044 |a xo  |c SK 
080 |a 75.051:75.021.32  |2 1997 
080 |a 75.021.32  |2 1997 
100 1 |a Darnaut, Hugo,  |d 1851-1937   |4 aut  |9 102781 
245 1 0 |a Príroda na Turíce  |c Hugo Darnaut 
500 |a Darnaut, Hugo - nem. maliar (28.11.1851 Dessau - 9.1.1937 Viedeň) 
650 0 7 |a nemecké maliarstvo  |2 MM  |9 3120 
650 0 7 |a maľby  |2 MM  |9 313520 
655 7 |a reprodukcie výtvarných diel  |2 MM  |9 310790 
773 0 |t Rozvoj  |g Roč. 8, č. 10 (1929/30), s. 237 
852 |a SNK  |b KIS3GCP 
910 |a snkrbvumm 
958 |a VY 
958 |a DE 
999 |c 1752886  |d 1754816